Name as many Pop singers as you can - Statistics

General Stats
  • This quiz has been taken 105 times
    45 since last reset
  • The average score is 32 of 131
Answer Stats
Answer % Correct
Taylor Swift
90%
Ariana Grande
87%
Sabrina Carpenter
84%
Lady Gaga
81%
Billie Eilish
77%
Bruno Mars
71%
Katy Perry
71%
Rihanna
71%
Dua Lipa
68%
Harry Styles
68%
Olivia Rodrigo
68%
Beyonce
65%
Madonna
61%
Miley Cyrus
61%
Selena Gomez
61%
Justin Beiber
58%
Britney Spears
48%
The Weeknd
48%
Adele
45%
Camila Cabello
45%
Ed Sheeran
45%
Mariah Carey
45%
Celine Dion
42%
Lana Del Ray
42%
Michael Jackson
42%
Rose
42%
Shakira
42%
Shawn Mendes
42%
Whitney Houston
42%
Zara Larsson
42%
Charli xcx
39%
Demi Lovato
39%
Elton John
35%
Jennie Kim
35%
Liam Payne
35%
Lorde
35%
Tate McRae
35%
Ava Max
32%
Bad Bunny
32%
Janet Jackson
32%
Jennifer Lopez
32%
Justin Timberlake
32%
Niall Horan
32%
Zayn
32%
Addison Rae
29%
Alicia Keys
29%
Charlie Puth
29%
Christina Aguilera
29%
George Michael
29%
Gracie Abrams
29%
Halsey
29%
Lisa
29%
V
29%
Amy winehouse
26%
Prince
26%
Sam Smith
26%
Louis Tomlinson
23%
Nick Jonas
23%
RAYE
23%
Sia
23%
Benson Boone
19%
Chappell Roan
19%
Jessie J
19%
Jisoo
19%
Joe Jonas
19%
Meghan Trainor
19%
Chris Brown
16%
Ellie Goulding
16%
Madison Beer
16%
Mitski
16%
Adam Levine
13%
Carrie Underwood
13%
HAN
13%
I.N
13%
Jung Kook
13%
Kali Uchis
13%
Renee Rapp
13%
Tyla
13%
Alanis Morissette
10%
Billy Joel
10%
Gigi Perez
10%
Hilary Duff
10%
j-hope
10%
Jimin
10%
Lola Young
10%
Olivia dean
10%
Stevie Wonder
10%
Alex warren
6%
Changbin
6%
Daniela Avanzini
6%
Danielle
6%
Felix
6%
Hyunjin
6%
Kevin Jonas
6%
Lara Raj
6%
Noah Cyrus
6%
RM
6%
Suga
6%
Teddy Swims
6%
The Kid LAROI
6%
Yoonchae
6%
Alec Benjamin
3%
Chaeyoung
3%
Jessie Murph
3%
Jin
3%
Joji
3%
Kim Woojin
3%
Manon Bannerman
3%
Megan Skiendiel
3%
Seungmin
3%
Sophia Laforteza
3%
AJ McLean
0%
Brian Littrell
0%
Chris Kirkpatrick
0%
Dahyun
0%
Haerin
0%
Hanni
0%
Howie Dorough
0%
Hyein
0%
James blake
0%
Jason Galasso
0%
JC Chasez
0%
Jeongyeon
0%
Jihyo
0%
Joey Fatone
0%
Kevin Richardson
0%
Lance Bass
0%
Minatozaki Sana
0%
Minji
0%
Momo
0%
Nick Carter
0%
No matching quizzes found
Score Distribution
Percent of People with Each Score
Percentile by Number Answered
Your Score History
You have not taken this quiz since the last reset